Famous Right-Wingers - Statistics

General Stats
  • This quiz has been taken 35 times
  • The average score is 9 of 15
Answer Stats
Hint Person % Correct
Richest person in the world, known for his support of a future Martian colony Elon Musk
100%
President who invaded Iraq over rumors of WMDs George W. Bush
100%
Female Prime Minister of the U.K. who supported the poll tax Margaret Thatcher
97%
U.S. President who implemented trickle-down economics and negotiated with Gorbachev Ronald Reagan
97%
Activist assassinated in 2025 at a Utah university Charlie Kirk
91%
Texas senator who played a key role in the 2013 government shutdown over Obamacare Ted Cruz
69%
Orthodox Jewish host of the Daily Wire Ben Shapiro
66%
Former "hockey mom" governor of Alaska Sarah Palin
63%
Populist Fox News host from 2016–2023 Tucker Carlson
63%
Infowars founder who was sued over his Sandy Hook conspiracy theories Alex Jones
56%
Canadian psychologist who says "clean your room" Jordan Peterson
47%
Arizona senator who ran against LBJ in 1964 Barry Goldwater
41%
TV host who co-authored novels with Martin Dugard and was fired from Fox News in 2017 Bill O'Reilly
25%
Author of The Fountainhead whom while not a self-proclaimed conservative, had many ideas that closely align with modern-day conservatism Ayn Rand
19%
Author of God and Man at Yale William F. Buckley
13%
No matching quizzes found
Score Distribution
Percent of People with Each Score
Percentile by Number Answered
Your Score History
You have not taken this quiz